Virtual and Augmented Reality Applications in Manufacturing /

Augmented (AR) and Virtual Reality (VR) technologies are increasingly being used in manufacturing processes. These use real and simulated objects to create a simulated environment that can be used to enhance the design and manufacturing processes. Virtual Reality and Augmented Reality Applications i...

Full description

Bibliographic Details
Main Author: Ong, S. K.
Corporate Author: SpringerLink (Online service)
Other Authors: Nee, A. Y. C.
Format: eBook
Language:English
Published: London : Springer London, 2004.
Subjects:
Online Access:Connect to the full text of this electronic book

MARC

Tag First Indicator Second Indicator Subfields
LEADER 00000cam a2200000Mi 4500
001 in00003577310
006 m o d
007 cr mnu---uuaaa
008 130411s2004 xxk o 000 0 eng
005 20260420202105.7
020 |a 9781447138730 (electronic bk.) 
020 |a 1447138732 (electronic bk.) 
020 |z 9781849969215 
020 |z 1849969213 
020 |z 1447138732 
035 |a (OCoLC)853271547 
040 |a AU@  |b eng  |c AU@  |d OCLCO  |d GW5XE  |d OCLCF  |d UtOrBLW 
049 |a TXAM 
050 4 |a T385 
050 4 |a TA1637-1638 
050 4 |a TK7882.P3 
072 7 |a UYQV  |2 bicssc 
072 7 |a COM016000  |2 bisacsh 
082 0 4 |a 006.6  |2 23 
100 1 |a Ong, S. K. 
245 1 0 |a Virtual and Augmented Reality Applications in Manufacturing /  |c edited by S. K. Ong, A. Y. C. Nee. 
264 1 |a London :  |b Springer London,  |c 2004. 
300 |a 1 online resource (xxi, 388 pages) 
336 |a text  |b txt  |2 rdacontent 
337 |a computer  |b c  |2 rdamedia 
338 |a online resource  |b cr  |2 rdacarrier 
505 0 |a Preface -- Table of Contents -- List of Contributing Authors -- List of Abbreviations -- A Brief Introduction to VR and AR Applications in Manufacturing -- Part I VR Technology - VR Modeling: Solid Modeling Through Constraint-based Manipulations in a Virtual Reality Environment; Interactive Solid Modeling in a Virtual Environment with Haptic Interface -- Part 1 VR Technology - VR Applications: A Supervisory Data-Traffic Controller in Large-scale Distributed Virtual Reality Applications; A Decision Support System for Integrating Real-time Manufacturing Control with a Virtual Environment; A Hybrid Approach to the Verification and Analysis of Assembly and Maintenance Processes Using Virtual Reality and Digital Mannequin Technologies; Virtual Assembly/Disassembly System Using Natural Human Interaction and Control -- Part II AR Technology - AR Devices and Technology: Stable Real-time AR Framework for Training and Planning in Industrial Environments; Adapting to Registration Error in an Intent-Based Augmentation System; Augmented Reality as a New User Interface for the Planning of Manufacturing Systems; Design and Prototyping of a Teleportal UltraLight-Weight Large Field of View Head-Mounted Display -- Part 2 AR Technology - AR in Manufacturing and Service Applications: Developing and Applying AR Technology in Design, Production, Service, and Training; Mobile Service Applications for Machine Tools; Validation of the Dynamics of a Parts Feeding System Using Augmented Reality Technology; Vision-based Augmented Reality for Guiding Assembly; Performance Evaluation of Augmented Reality for Directed Assembly; The Intelligent Welding Gun: Augmented Reality for Experimental Vehicle Construction; Augmented Reality - Helmet for the Manual Welding Process -- Index. 
520 |a Augmented (AR) and Virtual Reality (VR) technologies are increasingly being used in manufacturing processes. These use real and simulated objects to create a simulated environment that can be used to enhance the design and manufacturing processes. Virtual Reality and Augmented Reality Applications in Manufacturing is written by experts from the world's leading institutions working in virtual manufacturing and gives the state of the art of the field. Features: - Chapters covering the state of the art in VR and AR technology and how these technologies can be applied to manufacturing. - The latest findings in key areas of AR and VR application to manufacturing. - The results of recent cross-disciplinary research projects in the US and Europe showing application solutions of AR and VR technology in real industrial settings. Virtual Reality and Augmented Reality Applications in Manufacturing will be of interest to all engineers wishing to keep up-to-date with technologies that have the potential to revolutionize manufacturing processes over the next few years. 
500 |a Electronic resource. 
650 0 |a Computer science. 
650 0 |a Computer vision. 
650 0 |a Industrial engineering. 
650 7 |a Computer science.  |2 fast  |0 (OCoLC)fst00872451 
650 7 |a Computer vision.  |2 fast  |0 (OCoLC)fst00872687 
650 7 |a Industrial engineering.  |2 fast  |0 (OCoLC)fst00970992 
655 7 |a Electronic books.  |2 local 
700 1 |a Nee, A. Y. C. 
710 2 |a SpringerLink (Online service) 
776 1 8 |i Print version:  |z 9781849969215 
856 4 0 |u http://proxy.library.tamu.edu/login?url=https://link.springer.com/10.1007/978-1-4471-3873-0  |z Connect to the full text of this electronic book  |t 0 
994 |a 92  |b TXA 
999 |a MARS 
999 f f |s a065b0ee-39d6-3f12-b288-27748f489923  |i 1d5a925f-1ac8-30be-8eec-d057da08d14f  |t 0 
952 f f |a Texas A&M University  |b College Station  |c Electronic Resources  |s www_evans  |d Available Online  |t 0  |e TK7882.P3  |h Library of Congress classification 
998 f f |a TK7882.P3  |t 0  |l Available Online